[Event "American Continental 09th"]
[Site "Cochabamba"]
[Date "2013.05.13"]
[Round "9"]
[White "Lopez, Diego"]
[Black "Borda Rivera, Carla Wendy"]
[Result "0-1"]
[WhiteElo "2171"]
[BlackElo "1950"]
[PlyCount "132"]
[EventDate "2013.05.07"]
[EventType "swiss"]
[EventRounds "11"]
[EventCountry "BOL"]
[SourceTitle "CBM 154 Extra"]
[Source "ChessBase"]
[SourceDate "2013.06.25"]
[SourceVersion "2"]
[SourceVersionDate "2013.06.25"]
[SourceQuality "1"]

1. Nf3 d6 2. d4 Nd7 3. c4 e5 4. e4 Ngf6 5. Nc3 g6 6. g3 Bg7 7. Bg2 0-0 8. 0-0 Re8 9. h3 a5 10. Be3 c6 11. d5 c5 12. Qc2 Nf8 13. Rab1 Nh5 14. a3 b6 15. b4 axb4 16. axb4 f5 17. Bd2 Bd7 18. bxc5 bxc5 19. Nb5 fxe4 20. Ng5 Bf5 21. Be3 Nf6 22. g4 Bc8 23. Nxe4 Nxe4 24. Bxe4 g5 25. Rb3 h6 26. Rfb1 Ra6 27. Nc3 Nd7 28. Bf5 Nf6 29. Bxc8 Qxc8 30. Rb7 e4 31. f3 Ra3 32. fxe4 Nxg4 33. Rxg7+ Kxg7 34. Bc1 Ra7 35. hxg4 Qxg4+ 36. Qg2 Qd7 37. Nb5 Ra4 38. Bb2+ Kh7 39. Nxd6 Qxd6 40. e5 Qg6 41. Rf1 Rxc4 42. e6 Qe4 43. Rf7+ Kg6 44. Rg7+ Kh5 45. Qh3+ Qh4 46. Qxh4+ Kxh4 47. e7 Rc2 48. Be5 Re2 49. d6 Rxe5 50. d7 R8xe7 51. Rxe7 Rd5 52. Re5 Rxd7 53. Rxc5 Rd2 54. Rc3 g4 55. Ra3 h5 56. Rb3 g3 57. Rb5 Kg4 58. Rb4+ Kh3 59. Rb1 h4 60. Ra1 Re2 61. Rb1 Kg4 62. Rb4+ Kf3 63. Rb3+ Re3 64. Rb1 h3 65. Kh1 Ke2 66. Ra1 Kd3 0-1

[Event "American Continental 09th"]
[Site "Cochabamba"]
[Date "2013.05.10"]
[Round "5"]
[White "Lopez, Diego"]
[Black "Rios, Cristhian Camilo"]
[Result "1-0"]
[WhiteElo "2171"]
[BlackElo "2362"]
[PlyCount "57"]
[EventDate "2013.05.07"]
[EventType "swiss"]
[EventRounds "11"]
[EventCountry "BOL"]
[SourceTitle "CBM 154 Extra"]
[Source "ChessBase"]
[SourceDate "2013.06.25"]
[SourceVersion "2"]
[SourceVersionDate "2013.06.25"]
[SourceQuality "1"]

1. d4 Nf6 2. c4 e6 3. Nc3 Bb4 4. f3 d5 5. a3 Bxc3+ 6. bxc3 0-0 7. cxd5 exd5 8. e3 b6 9. Bd3 c5 10. Ne2 Ba6 11. 0-0 Bxd3 12. Qxd3 Nc6 13. Ng3 Qd7 14. Re1 Rac8 15. Bb2 cxd4 16. cxd4 Na5 17. e4 Nc4 18. Re2 dxe4 19. fxe4 Rfd8 20. Rd1 Qa4 21. Bc1 Ne5 22. Qd2 Nc6 23. d5 Na5 24. Qe1 Re8 25. Bb2 Nd7 26. Nf5 Rc2 27. Qg3 g6 28. Nh6+ Kf8 29. Qf2 1-0

[Event "American Continental 09th"]
[Site "Cochabamba"]
[Date "2013.05.08"]
[Round "2"]
[White "Gonzalez Acosta, Bernal Manuel"]
[Black "Lopez, Diego"]
[Result "1-0"]
[WhiteElo "2461"]
[BlackElo "2171"]
[PlyCount "55"]
[EventDate "2013.05.07"]
[EventType "swiss"]
[EventRounds "11"]
[EventCountry "BOL"]
[SourceTitle "CBM 154 Extra"]
[Source "ChessBase"]
[SourceDate "2013.06.25"]
[SourceVersion "2"]
[SourceVersionDate "2013.06.25"]
[SourceQuality "1"]

1. d4 Nf6 2. Nf3 e6 3. c4 Bb4+ 4. Bd2 Qe7 5. g3 Nc6 6. Bg2 Bxd2+ 7. Nbxd2 d6 8. 0-0 a5 9. e4 e5 10. d5 Nb8 11. Ne1 h5 12. h3 Nbd7 13. Nd3 Nc5 14. Nxc5 dxc5 15. f4 h4 16. g4 exf4 17. e5 Nxg4 18. hxg4 h3 19. Bf3 Ra6 20. Kh1 Qh4 21. Ne4 Rg6 22. Qd2 Qh6 23. Qxa5 b6 24. Qa4+ Bd7 25. Qa8+ Ke7 26. Qb7 Rc8 27. d6+ Kd8 28. Rad1 1-0

[Event "Buenos Aires Duchamp Memorial op 5th"]
[Site "Buenos Aires"]
[Date "2013.03.26"]
[Round "5"]
[White "Lopez, Diego"]
[Black "Contin, Daniel"]
[Result "0-1"]
[WhiteElo "2169"]
[BlackElo "2366"]
[PlyCount "58"]
[EventDate "2013.03.23"]
[EventType "swiss"]
[EventRounds "8"]
[EventCountry "ARG"]
[SourceTitle "CBM 153 Extra"]
[Source "ChessBase"]
[SourceDate "2013.04.22"]
[SourceVersion "1"]
[SourceVersionDate "2013.04.22"]
[SourceQuality "1"]

1. d4 Nf6 2. c4 e6 3. Nc3 c5 4. d5 exd5 5. cxd5 d6 6. Nf3 g6 7. h3 Bg7 8. e4 0-0 9. Bd3 b5 10. Bxb5 Nxe4 11. Nxe4 Qa5+ 12. Nfd2 Qxb5 13. Nxd6 Qa6 14. N2c4 Nd7 15. 0-0 Ne5 16. Nxe5 Qxd6 17. Nc4 Qa6 18. Ne3 Bd7 19. Qc2 Bb5 20. Rd1 Ba4 21. Qd3 c4 22. Qa3 Rab8 23. Rb1 c3 24. b3 Qe2 25. Qxa4 c2 26. Ba3 cxb1Q 27. Rxb1 Qxa2 28. Rd1 Rxb3 29. Nc4 Rc3 0-1